000 00765nam a2200265Ia 4500
003 OSt
005 20220924122513.0
006 a|||||r|||| 00| 0
007 ta
008 220923b |||||||| |||| 00| 0 eng d
020 _a71890141X (hbk)
024 _a244406
037 _cTextual
040 _aARTS
_cARTS
_beng
041 _2eng
_aeng
082 _aO164:g, 111L0.1,1
100 _aStorey C. A.
245 0 _aPersian literature
_b A bio-bibliographical survey
260 _aLondon
_bRpyal Asiatic Society of Great Britain and Ireland UK
_c1970
300 _axl,780p.
_ccm.
490 _vVol.1,Part 2.
650 _aPERSIAN LITERATURE
_9309
942 _hO164:g, 111L0.1,1
_cTEXL
_2CC
999 _c411880
_d411880